| 000 | 00580nam a22001577a 4500 | ||
|---|---|---|---|
| 999 |
_c8099 _d8099 |
||
| 003 | GBCCL | ||
| 005 | 20241126110643.0 | ||
| 008 | 190218b ||||| |||| 00| 0 eng d | ||
| 040 | _cGBC | ||
| 082 |
_aARC LAL _b2015 |
||
| 100 |
_aLal, Th. Gin Muan _914118 |
||
| 245 |
_aDeveloping A Missiological Paradigm For the Uran Context of the Khasi Tribe in Shillong, Meghalaya | _cTh. Gin Muan Lal |
||
| 300 |
_a141 + xxxvi + 3 p.; _c20 cm. x 28 cm. |
||
| 650 |
_aMissions _vMissiological Paradigm _vUrban Mission _xKhasi Tribes _zKhasi Hills _zJaintia Hills _zMeghalaya _914119 |
||
| 942 |
_2ddc _cTH |
||